|
|
|
|
| LEADER |
01149nam a2200289 a 4500 |
| 001 |
3063 |
| 003 |
BD-DhAAL |
| 005 |
20150614100310.0 |
| 008 |
150614s1994 nyua b 001 0 eng |
| 010 |
|
|
|a 93006346
|
| 020 |
|
|
|a 0471012890 (alk. paper)
|
| 040 |
|
|
|a DLC
|c DLC
|d DLC
|d BD-DhAAL
|
| 050 |
0 |
0 |
|a TD195.C54
|b M63 1994
|
| 082 |
0 |
0 |
|a 363.73/1
|2 20
|
| 100 |
1 |
|
|a Moavenzadeh, Fred,
|d 1935-
|9 11975
|
| 245 |
1 |
0 |
|a Global construction and the environment :
|b strategies and opportunities /
|c Fred Moavenzadeh.
|
| 260 |
|
|
|a New York :
|b Wiley,
|c c1994.
|
| 300 |
|
|
|a xxxi, 293 p. :
|b ill. ;
|c 25 cm.
|
| 500 |
|
|
|a "A Wiley-Interscience publication."
|
| 504 |
|
|
|a Includes bibliographical references (p. 281-283) and index.
|
| 541 |
|
|
|e 3063
|
| 650 |
|
0 |
|a Civil engineering
|x Environmental aspects.
|9 11976
|
| 650 |
|
0 |
|a Construction industry
|x Environmental aspects.
|9 11977
|
| 650 |
|
0 |
|a Industrial management
|x Environmental aspects.
|9 6176
|
| 942 |
|
|
|2 ddc
|c BK
|
| 999 |
|
|
|c 34700
|d 34700
|
| 952 |
|
|
|0 0
|1 0
|2 ddc
|4 0
|6 363_731000000000000_MOA
|7 0
|9 54269
|a SCL
|b SCL
|c GEN
|d 2015-06-14
|e Gift: The Asia Foundation
|l 0
|o 363.731 MOA
|p 3020003063
|r 2015-06-14
|t 1
|w 2015-06-14
|y BK
|